ბათუმის შოთა რუსთაველის სახელმწიფო უნივერსიტეტის ბიბლიოთეკა

Литературная энциклопедия. Т.8 (ბიბ.ჩანაწერი № 45018)

000 -LEADER
fixed length control field 00667nam a2200193Ia 4500
001 - CONTROL NUMBER
control field 11839
003 - CONTROL NUMBER IDENTIFIER
control field GE_BSU
008 - FIXED-LENGTH DATA ELEMENTS--GENERAL INFORMATION
fixed length control field 181216s||||||||xx |||||||||||||| ||und||
040 ## - CATALOGING SOURCE
Transcribing agency GE_BSU
080 ## - UNIVERSAL DECIMAL CLASSIFICATION NUMBER
Universal Decimal Classification number 8(038)+8(031)
245 ## - TITLE STATEMENT
Title Литературная энциклопедия. Т.8
245 ## - TITLE STATEMENT
Statement of responsibility, etc. Ред.кол.П.И.Лебедев-Полянский, И.Л.Маца, И.М. Нусинов и др. Гл. ред.А.В.Луначарский
260 ## - PUBLICATION, DISTRIBUTION, ETC.
Place of publication, distribution, etc. Москва
260 ## - PUBLICATION, DISTRIBUTION, ETC.
Name of publisher, distributor, etc. Советская энциклопедия
260 ## - PUBLICATION, DISTRIBUTION, ETC.
Date of publication, distribution, etc. 1934
300 ## - PHYSICAL DESCRIPTION
Extent 736стр.25см. илл.
653 ## - INDEX TERM--UNCONTROLLED
Uncontrolled term Литературная энциклопедия
942 ## - ADDED ENTRY ELEMENTS (KOHA)
Koha item type წიგნი
ეგზემპლარები
Withdrawn status Lost status Damaged status Not for loan Date acquired Barcode Date last seen Price effective from Koha item type
        2018-12-17 20334 2018-12-17 2018-12-17 წიგნი
        2018-12-17 20335 2018-12-17 2018-12-17 წიგნი